|
|
|
|
| LEADER |
00000nam0a2200000 4500 |
| 001 |
349777 |
| 005 |
20231102010233.0 |
| 035 |
|
|
|a (RuTPU)RU\TPU\retro\2731
|
| 090 |
|
|
|a 349777
|
| 100 |
|
|
|a 20180903d1938 k y0rusy50 ca
|
| 101 |
0 |
|
|a rus
|
| 102 |
|
|
|a RU
|
| 105 |
|
|
|a y z 000zy
|
| 200 |
1 |
|
|a О материалистическом понимании истории
|f Г. В. Плеханов
|
| 210 |
|
|
|a Москва
|c Госполитиздат
|d 1938
|
| 215 |
|
|
|a 36 с.
|
| 316 |
|
|
|5 63413507: КР-5725
|a На обложке владельческая подпись: "Бутаков"
|
| 317 |
|
|
|5 63413507: КР-5725
|a Поступил в НТБ в 1970 г. в составе книжного собрания профессора ТПИ И. Н. Бутакова
|
| 606 |
1 |
|
|a Философия истории
|2 stltpush
|3 (RuTPU)RU\TPU\subj\64603
|9 81431
|
| 610 |
1 |
|
|a библиотека И. Н. Бутакова
|
| 610 |
1 |
|
|a история
|
| 610 |
1 |
|
|a материализм
|
| 610 |
1 |
|
|a материалистическая диалектика
|
| 610 |
1 |
|
|a владельческая надпись
|
| 686 |
|
|
|a Т0в
|v LBC/SL-A
|2 rubbk
|
| 700 |
|
1 |
|a Плеханов
|b Г. В.
|c российский политический деятель
|c философ
|c теоретик марксизма
|f 1856-1918
|g Георгий Валентинович
|2 stltpush
|3 (RuTPU)RU\TPU\pers\1148
|9 520
|
| 801 |
|
1 |
|a RU
|b 63413507
|c 20180903
|
| 801 |
|
2 |
|a RU
|b 63413507
|c 20181229
|g RCR
|
| 942 |
|
|
|c BK
|